1008 1931 1972 1586 1182 1838 1467 1938 1062 1767 1488 1151 1799 1508 1096 1238 1933 1003 1563 1243 1097 1464 1418 1637 1034 1727 1222 1370 1264 1547 1493 1466 1955 1329 1059 1264 1652 1721 1129 1551 1762 1686 1154 1004 1936 1781 1337 1854 1717 1811 1755 1934 1802 1477 1012 1093 1305 1759 1837 1879 1315 1200 1906 1945 1237 1399 1830 1398 1987 1561 1903 1773 1434 1667 1295 1042 1204 1264 1297 1733 1964 1525 1464 1424 1799 1449 1639 1910 1754 1343 1122 1660 1628 1436 1133 1459 1300 1890 1908 BCNSPRNW ULIB Ver.6.0+V

เปลี่ยนเป็นภาษาไทย

Change to English
 แสดงรายละเอียดบรรณานุกรม
  กลับหน้าหลัก

Brief Record : Get Marc (ISO 2709) : E-mail record : QR code < ปิดหน้าต่าง
LEADER : 00000nam 2200000uu 4500
001    13399111868
003     ULIB
008    110711s2553||||th 000 0 tha d
020    9789741112401
060 04 WM165^bม456ก 2553
100 0  มาโนช หล่อตระกูล
245 10 การฆ่าตัวตาย : การรักษาและการป้องกัน /^cมาโนช หล่อตระกูล
250    พิมพ์ครั้งที่ 1
260    กรุงเทพฯ :^bบียอนด์ เอ็นเทอร์ไพรซ์,^c2553
300    288 หน้า
650  7 การฆ่าตัวตาย
650  7 การฆ่าตัวตาย^xการป้องกัน
650  7 โรคจิตเภท
945    ^p450^l0^i18345
945    ^p450^l0^i18346
945    ^p450^l0^i18347
945    ^p450^l0^i16620
995    กัณชพร
999    ^aใช้งานได้ทุกระบบ
รายการนี้ยังไม่มีแท็ก
คุณยังไม่ได้ล็อกอิน คุณสามารถมีกิจกรรมร่วมกับเว็บไซต์ได้ แต่ต้องล็อกอินก่อน ::
  ล็อกอิน

รายการสื่อสารสนเทศ

ลำดับที่ ประเภท เลขเรียก/บาร์โค้ด สถานที่ สถานะ
1. วิทยาศาสตร์การแพทย์ และสุขภาพ
วิทยาศาสตร์การแพทย์ และสุขภาพ
สถานะ=หนังสือเก่า
WM165 ม456ก 2553  
  Barcode: 18345
ห้องสมุดวิทยาเขตนครสวรรค์
►ส่วนจัดเก็บหนังสือเก่า นว.
บนชั้น
  ขอยืม
2. วิทยาศาสตร์การแพทย์ และสุขภาพ
วิทยาศาสตร์การแพทย์ และสุขภาพ
สถานะ=หนังสือเก่า
WM165 ม456ก 2553 ฉ.1 
  Barcode: 16620
ห้องสมุดวิทยาเขตนครสวรรค์
►ส่วนจัดเก็บหนังสือเก่า นว.
บนชั้น
  ขอยืม
3. วิทยาศาสตร์การแพทย์ และสุขภาพ
วิทยาศาสตร์การแพทย์ และสุขภาพ
สถานะ=หนังสือเก่า
WM165 ม456ก 2553 ฉ.2 
  Barcode: 18346
ห้องสมุดวิทยาเขตนครสวรรค์
►ส่วนจัดเก็บหนังสือเก่า นว.
บนชั้น
  ขอยืม
4. วิทยาศาสตร์การแพทย์ และสุขภาพ
วิทยาศาสตร์การแพทย์ และสุขภาพ
สถานะ=หนังสือเก่า
WM165 ม456ก 2553 ฉ.3 
  Barcode: 18347
ห้องสมุดวิทยาเขตนครสวรรค์
►ส่วนจัดเก็บหนังสือเก่า นว.
บนชั้น
  ขอยืม

รายการใกล้เคียง
    ผู้แต่ง [มาโนช หล่อตระกูล]

    หัวเรื่อง [การฆ่าตัวตาย]
    หัวเรื่อง [โรคจิตเภท]

BibComment


ยังไม่เคยถูกคอมเมนท์

คอมเมนท์ทรัพยากรรายการนี้
  คอมเมนท์: การฆ่าตัวตาย การ..


 Copyright 2026. Bcnsprnw @Library